A report by the joint working party appointed to examine the need for standard documentation for industrial engineering projects (Record no. 96121)

MARC details
000 -LEADER
fixed length control field 00582cam a2200193 4500
001 - CONTROL NUMBER
control field D5925
008 - FIXED-LENGTH DATA ELEMENTS--GENERAL INFORMATION
fixed length control field 090401t1979 xxu||||| |||| 00| 0 eng d
035 ## - SYSTEM CONTROL NUMBER
System control number (Sirsi) u76131
041 ## - LANGUAGE CODE
Language code of text/sound track or separate title eng
050 ## - LIBRARY OF CONGRESS CALL NUMBER
Classification number 620
110 ## - MAIN ENTRY--CORPORATE NAME
Corporate name or jurisdiction name as entry element Institute of Quantity Surveyors
9 (RLIN) 2491
245 #2 - TITLE STATEMENT
Title A report by the joint working party appointed to examine the need for standard documentation for industrial engineering projects
260 ## - PUBLICATION, DISTRIBUTION, ETC.
Place of publication, distribution, etc. London
Name of publisher, distributor, etc. IQS
Date of publication, distribution, etc. 1979
300 ## - PHYSICAL DESCRIPTION
Extent 24p. 30cm
350 ## - PRICE (NR) (BK AM CF MU VM SE) [OBSOLETE]
Price 0
520 ## - SUMMARY, ETC.
Summary, etc. Note: this is a proof copy with ms corrections
942 ## - ADDED ENTRY ELEMENTS (KOHA)
Suppress in OPAC 0
948 ## - LOCAL PROCESSING INFORMATION (OCLC); SERIES PART DESIGNATOR (RLIN)
c (OCLC) 04/03/1997
Holdings
Withdrawn status Lost status Source of classification or shelving scheme Damaged status Not for loan Home library Current library Shelving location Date acquired Total Checkouts Full call number Barcode Date last seen Copy number Price effective from Koha item type
    Dewey Decimal Classification     London London Basement 14/09/1999   SHELF 330 30004327 06/08/2019 1 06/08/2019 Book